Phantom Forces Primaries - Statistics

General Stats
  • This quiz has been taken 61 times
    37 since last reset
  • The average score is 46 of 257
Answer Stats
Type Country Weapon % Correct
Assault ๐Ÿ‡ท๐Ÿ‡บ AK-12
88%
Assault ๐Ÿ‡ท๐Ÿ‡บ AK-47
63%
Assault ๐Ÿ‡ท๐Ÿ‡บ AK-74
63%
Sniper ๐Ÿ‡บ๐Ÿ‡ธ BFG 50
63%
Assault ๐Ÿ‡จ๐Ÿ‡ฟ BREN 2
63%
PDW ๐Ÿ‡ฉ๐Ÿ‡ช MP5
63%
Assault ๐Ÿ‡ฉ๐Ÿ‡ช HK416
50%
Sniper ๐Ÿ‡บ๐Ÿ‡ธ INTERVENTION
50%
PDW ๐Ÿ‡ฉ๐Ÿ‡ช MP5K
50%
PDW ๐Ÿ‡ธ๐Ÿ‡ช MP-9
50%
Assault ๐Ÿ‡ท๐Ÿ‡บ AS VAL
38%
Sniper ๐Ÿ‡ฌ๐Ÿ‡ง AWM
38%
Conv. AWP
38%
Assault ๐Ÿ‡บ๐Ÿ‡ธ M16A1
38%
Conv. M16A2
38%
Assault ๐Ÿ‡บ๐Ÿ‡ธ M16A3
38%
Assault ๐Ÿ‡บ๐Ÿ‡ธ M16A4
38%
Carbine ๐Ÿ‡บ๐Ÿ‡ธ M4
38%
DMR ๐Ÿ‡บ๐Ÿ‡ธ MK11
38%
Sniper ๐Ÿ‡ท๐Ÿ‡บ MOSIN NAGANT
38%
PDW ๐Ÿ‡ฉ๐Ÿ‡ช MP10
38%
PDW ๐Ÿ‡ฉ๐Ÿ‡ช MP5/10
38%
PDW ๐Ÿ‡ฉ๐Ÿ‡ช MP5SD
38%
PDW ๐Ÿ‡ฉ๐Ÿ‡ช MP7
38%
LMG ๐Ÿ‡ท๐Ÿ‡บ RPK
38%
LMG ๐Ÿ‡ท๐Ÿ‡บ RPK-12
38%
Assault ๐Ÿ‡ง๐Ÿ‡ช SCAR-L
38%
Battle ๐Ÿ‡ณ๐Ÿ‡ด AG-3
25%
Shotgun ๐Ÿ‡ท๐Ÿ‡บ AK-12/76
25%
Assault ๐Ÿ‡ท๐Ÿ‡บ AN-94
25%
Assault ๐Ÿ‡ฆ๐Ÿ‡น AUG A1
25%
Conv. AUG A1 PARA
25%
Sniper ๐Ÿ‡ฌ๐Ÿ‡ง AWS
25%
Battle ๐Ÿ‡บ๐Ÿ‡ธ BEOWULF ECR
25%
Conv. C7A1
25%
Assault ๐Ÿ‡จ๐Ÿ‡ฆ C7A2
25%
Carbine ?? CAN CANNON
25%
Conv. DRAGUNOV SVD
25%
DMR ๐Ÿ‡ท๐Ÿ‡บ DRAGUNOV SVU
25%
Assault ๐Ÿ‡ซ๐Ÿ‡ท FAMAS F1
25%
Conv. G3
25%
Assault ๐Ÿ‡ฉ๐Ÿ‡ช G36
25%
Sniper ๐Ÿ‡ซ๐Ÿ‡ท HECATE II
25%
Carbine ๐Ÿ‡บ๐Ÿ‡ธ HONEY BADGER
25%
Sniper ๐Ÿ‡ฐ๐Ÿ‡ท K14
25%
Assault ๐Ÿ‡ฐ๐Ÿ‡ท K2
25%
PDW ๐Ÿ‡ฐ๐Ÿ‡ท K7
25%
Battle ๐Ÿ‡บ๐Ÿ‡ธ M14
25%
Carbine ๐Ÿ‡บ๐Ÿ‡ธ M4A1
25%
LMG ๐Ÿ‡บ๐Ÿ‡ธ M60E6
25%
PDW ๐Ÿ‡บ๐Ÿ‡ธ MAC10
25%
LMG ๐Ÿ‡ฉ๐Ÿ‡ช MG36
25%
LMG ๐Ÿ‡ฉ๐Ÿ‡ช MG42
25%
Sniper ๐Ÿ‡บ๐Ÿ‡ธ MODEL 700
25%
Shotgun ๐Ÿ‡บ๐Ÿ‡ธ MODEL 870
25%
PDW ๐Ÿ‡ง๐Ÿ‡ช P90
25%
Battle ๐Ÿ‡ง๐Ÿ‡ช SCAR-H
25%
Carbine ๐Ÿ‡ง๐Ÿ‡ช SCAR PDW
25%
DMR ๐Ÿ‡ท๐Ÿ‡บ SKS
25%
Assault ๐Ÿ‡ฏ๐Ÿ‡ต TYPE 20
25%
PDW ๐Ÿ‡ฎ๐Ÿ‡ฑ UZI
25%
Conv. VPO-208
25%
Conv. VPO-209
25%
Carbine ๐Ÿ‡บ๐Ÿ‡ธ 1858 CARBINE
13%
Conv. 1858 NAVY CARBINE
13%
Shotgun ๐Ÿ‡บ๐Ÿ‡ธ AA-12
13%
Assault ๐Ÿ‡ท๐Ÿ‡บ AK-103
13%
Carbine ๐Ÿ‡ท๐Ÿ‡บ AK-105
13%
Conv. AK-107
13%
Conv. AK-109
13%
Conv. AK-12/30-06
13%
Conv. AK-12/410
13%
Conv. AK-12 BARS
13%
LMG ๐Ÿ‡ท๐Ÿ‡บ AK-12BR
13%
Conv. AK-12C
13%
Conv. AK-12K
13%
Assault ๐Ÿ‡ท๐Ÿ‡บ AK-12M
13%
Carbine ๐Ÿ‡ท๐Ÿ‡บ AK-12U
13%
Assault ๐Ÿ‡ท๐Ÿ‡บ AK-15
13%
Conv. AK-15K
13%
Assault ๐Ÿ‡ท๐Ÿ‡บ AK-19
13%
Conv. AK-19 CQB
13%
Battle ๐Ÿ‡ท๐Ÿ‡บ AK-308
13%
Conv. AK-74M
13%
Carbine ๐Ÿ‡ท๐Ÿ‡บ AK-9
13%
Assault ๐Ÿ‡ท๐Ÿ‡บ AKM
13%
Conv. AKMS
13%
Conv. AKMSU
13%
Conv. AKS
13%
Conv. AKS-74
13%
PDW ๐Ÿ‡ท๐Ÿ‡บ AKS-74U
13%
Conv. AK-V
13%
Conv. AR-9
13%
Conv. AUG 40
13%
Assault ๐Ÿ‡ฆ๐Ÿ‡น AUG A2
13%
Assault ๐Ÿ‡ฆ๐Ÿ‡น AUG A3
13%
PDW ๐Ÿ‡ฆ๐Ÿ‡น AUG A3 PARA XS
13%
LMG ๐Ÿ‡ฆ๐Ÿ‡น AUG HBAR
13%
Conv. AWS SUBSONIC
13%
Conv. BEOWULF AR-15
13%
DMR ๐Ÿ‡บ๐Ÿ‡ธ BEOWULF TCR
13%
Conv. BFG 50 CARBINE
13%
Battle ๐Ÿ‡จ๐Ÿ‡ฟ BREN 2 BR
13%
DMR ๐Ÿ‡จ๐Ÿ‡ฟ BREN 2 PPS
13%
Assault ๐Ÿ‡จ๐Ÿ‡ฟ BREN 3
13%
Conv. BWC9
13%
PDW ๐Ÿ‡บ๐Ÿ‡ธ BWC9 A
13%
Conv. BWC9 B
13%
Carbine ๐Ÿ‡จ๐Ÿ‡ฆ C8A2
13%
Conv. C8 CQB
13%
LMG ?? CHAINSAW
13%
LMG ๐Ÿ‡บ๐Ÿ‡ธ COLT LMG
13%
PDW ๐Ÿ‡บ๐Ÿ‡ธ COLT MARS
13%
PDW ๐Ÿ‡บ๐Ÿ‡ธ COLT SMG 633
13%
Conv. COLT SMG 635
13%
Conv. COLT SMG 639
13%
Conv. CTAR-21
13%
Conv. DIEMACO LSW
13%
Conv. DR-300
13%
Sniper ๐Ÿ‡ท๐Ÿ‡บ DRAGUNOV SVDS
13%
Shotgun ๐Ÿ‡ฎ๐Ÿ‡น DT11
13%
Conv. DT11 ACS
13%
Conv. DT11 PRO
13%
Shotgun ?? E-GUN
13%
Conv. F88T
13%
Battle ๐Ÿ‡ง๐Ÿ‡ช FAL 50.00
13%
Carbine ๐Ÿ‡ง๐Ÿ‡ช FAL 50.63 PARA
13%
PDW ๐Ÿ‡ง๐Ÿ‡ช FAL PARA SHORTY
13%
Conv. FAMAS G2
13%
PDW ๐Ÿ‡บ๐Ÿ‡ธ FIVE-0
13%
Conv. FOUR-T-5
13%
Conv. FROLOVKA
13%
Sniper ๐Ÿ‡จ๐Ÿ‡ญ FT300
13%
Assault ๐Ÿ‡ฉ๐Ÿ‡ช G11K2
13%
PDW ๐Ÿ‡ฉ๐Ÿ‡ช G36C
13%
Carbine ๐Ÿ‡ฉ๐Ÿ‡ช G36K
13%
Battle ๐Ÿ‡ฉ๐Ÿ‡ช G3A3
13%
Conv. G3A4
13%
Carbine ๐Ÿ‡ท๐Ÿ‡บ GROZA-1
13%
Conv. GROZA-2
13%
Conv. GROZA-3
13%
Carbine ๐Ÿ‡ท๐Ÿ‡บ GROZA-4
13%
Carbine ๐Ÿ‡บ๐Ÿ‡ธ GYROJET CARBINE
13%
LMG ๐Ÿ‡ง๐Ÿ‡ช HAMR IAR
13%
Battle ๐Ÿ‡บ๐Ÿ‡ธ HCAR
13%
Conv. HCAR A
13%
Conv. HECATE II CQB
13%
Conv. HENRY 30-30
13%
Conv. HENRY 410
13%
Battle ๐Ÿ‡บ๐Ÿ‡ธ HENRY 45-70
13%
Conv. HENRY BIG BOY
13%
LMG ๐Ÿ‡ฉ๐Ÿ‡ช HK21E
13%
Conv. HK337
13%
Battle ๐Ÿ‡ฉ๐Ÿ‡ช HK417
13%
Carbine ๐Ÿ‡ฉ๐Ÿ‡ช HK51B
13%
Conv. HK51BK
13%
Conv. INTERVENTION CQB
13%
Carbine ๐Ÿ‡ง๐Ÿ‡ท JURY
13%
Carbine ๐Ÿ‡ฐ๐Ÿ‡ท K1A
13%
Carbine ๐Ÿ‡บ๐Ÿ‡ธ KAC SRR
13%
LMG ๐Ÿ‡ท๐Ÿ‡บ KORD-R
13%
PDW ๐Ÿ‡บ๐Ÿ‡ธ KRISS VECTOR
13%
Conv. KS-23
13%
Shotgun ๐Ÿ‡ท๐Ÿ‡บ KS-23M
13%
Shotgun ๐Ÿ‡บ๐Ÿ‡ธ KSG 12
13%
Conv. KSG 25
13%
Carbine ๐Ÿ‡ฌ๐Ÿ‡ง L22
13%
PDW ๐Ÿ‡ฌ๐Ÿ‡ง L2A3
13%
Assault ๐Ÿ‡ฌ๐Ÿ‡ง L85A2
13%
LMG ๐Ÿ‡ฌ๐Ÿ‡ง L86 LSW
13%
Sniper ๐Ÿ‡บ๐Ÿ‡ธ M107
13%
Sniper ๐Ÿ‡บ๐Ÿ‡ธ M1903
13%
Conv. M1918
13%
LMG ๐Ÿ‡บ๐Ÿ‡ธ M1918A2
13%
DMR ๐Ÿ‡บ๐Ÿ‡ธ M21
13%
Assault ๐Ÿ‡บ๐Ÿ‡ธ M231
13%
PDW ๐Ÿ‡บ๐Ÿ‡ธ M3A1
13%
Conv. M82
13%
Conv. MAC10 CARBINE
13%
Conv. MAX-III
13%
Carbine ๐Ÿ‡บ๐Ÿ‡ธ MC51
13%
Conv. MC51SD
13%
LMG ๐Ÿ‡ฉ๐Ÿ‡ช MG3KWS
13%
LMG ๐Ÿ‡ธ๐Ÿ‡ฎ MGV-176
13%
Carbine ๐Ÿ‡บ๐Ÿ‡ธ MINI FIX
13%
PDW ๐Ÿ‡ฉ๐Ÿ‡ช MP40
13%
Conv. MP5/40
13%
Conv. MP5A4
13%
Conv. MP5K/10
13%
Conv. MP5SD5
13%
DMR ๐Ÿ‡ฉ๐Ÿ‡ช MSG90
13%
Conv. MT36
13%
Carbine ๐Ÿ‡ท๐Ÿ‡บ MTS-569
13%
Conv. NTW-14.5
13%
Sniper ๐Ÿ‡ฟ๐Ÿ‡ฆ NTW-20
13%
Conv. NTW-20X110
13%
Carbine ๐Ÿ‡ท๐Ÿ‡บ OTS-126
13%
Conv. PATRIOT
13%
PDW ๐Ÿ‡ท๐Ÿ‡บ PP-19 BIZON
13%
Conv. PPK-12
13%
PDW ๐Ÿ‡ท๐Ÿ‡บ PPSH-41
13%
Conv. PPSH-41 OBREZ
13%
Conv. R3 RACER RS
13%
PDW ๐Ÿ‡ท๐Ÿ‡บ RAMA 1130
13%
LMG ๐Ÿ‡ท๐Ÿ‡บ RPK-16
13%
Conv. RPK-16K
13%
LMG ๐Ÿ‡ท๐Ÿ‡บ RPK-74
13%
DMR ๐Ÿ‡ง๐Ÿ‡ช SA58 SPR
13%
Shotgun ๐Ÿ‡ท๐Ÿ‡บ SAIGA-12
13%
Conv. SAIGA-223
13%
Conv. SAIGA-308
13%
Conv. SAIGA-50
13%
Conv. SAIGA-762
13%
Conv. SAIGA-9
13%
Conv. SAIGA-953
13%
Conv. SCAR-H PDW
13%
DMR ๐Ÿ‡ง๐Ÿ‡ช SCAR SSR
13%
Battle ๐Ÿ‡ท๐Ÿ‡บ SHAK-12
13%
DMR ๐Ÿ‡ฉ๐Ÿ‡ช SL-8
13%
Conv. SL-9
13%
Shotgun ๐Ÿ‡ฎ๐Ÿ‡น SPAS-12
13%
Carbine ๐Ÿ‡ท๐Ÿ‡บ SR-3M
13%
Shotgun ๐Ÿ‡บ๐Ÿ‡ธ STEVENS DB
13%
Sniper ๐Ÿ‡ฆ๐Ÿ‡น STEYR SCOUT
13%
Assault ๐Ÿ‡ฉ๐Ÿ‡ช STG-44
13%
Conv. STG-N
13%
LMG ๐Ÿ‡บ๐Ÿ‡ธ STONER 96
13%
DMR ๐Ÿ‡ท๐Ÿ‡บ SVK-12
13%
Conv. SVK-12/12.7
13%
Conv. SVK-12E
13%
Conv. SVU-A
13%
Conv. T36
13%
Conv. T36C
13%
Conv. T36K
13%
Assault ๐Ÿ‡ฎ๐Ÿ‡ฑ TAR-21
13%
Conv. TG-3
13%
Sniper ๐Ÿ‡บ๐Ÿ‡ธ THE FIX
13%
Conv. THOMPSON
13%
PDW ๐Ÿ‡บ๐Ÿ‡ธ TOMMY GUN
13%
Conv. TOZ-123
13%
Conv. TRG-22
13%
Sniper ๐Ÿ‡ซ๐Ÿ‡ฎ TRG-42
13%
Conv. TRG-S
13%
Conv. TYPE 37
13%
Conv. TYPE 58
13%
Assault ๐Ÿ‡ฐ๐Ÿ‡ต TYPE 88
13%
Conv. UMP40
13%
PDW ๐Ÿ‡ฉ๐Ÿ‡ช UMP45
13%
Shotgun ๐Ÿ‡ฐ๐Ÿ‡ท USAS-12
13%
Sniper ๐Ÿ‡ท๐Ÿ‡บ VKS
13%
DMR ๐Ÿ‡ท๐Ÿ‡บ VSS VINTOREZ
13%
Sniper ๐Ÿ‡ฉ๐Ÿ‡ช WA2000
13%
Conv. WM-12
13%
Carbine ๐Ÿ‡ฎ๐Ÿ‡ฑ X95R
13%
PDW ๐Ÿ‡ฎ๐Ÿ‡ฑ X95 SMG
13%
Conv. ZITTARA
13%
Conv. ZX-7
13%
No matching quizzes found
Score Distribution
Percent of People with Each Score
Percentile by Number Answered
Your Score History
You have not taken this quiz since the last reset